عرض عادي
عرض مارك
- التنمية الإدارية
دخول Topical Term
001 - CONTROL NUMBER
- control field: 27376
003 - CONTROL NUMBER IDENTIFIER
- control field: AE-AdECS
005 - DATE AND TIME OF LATEST TRANSACTION
- control field: 20260318121846.0
008 - FIXED-LENGTH DATA ELEMENTS
- fixed length control field: 260318|| aca||aabn | a|a d
040 ## - CATALOGING SOURCE
- Original cataloging agency: AE-AdECS
- Transcribing agency: AE-AdECS
150 ## - HEADING--TOPICAL TERM
- Topical term or geographic name entry element: التنمية الإدارية
- General subdivision: برامج التمكين
670 ## - SOURCE DATA FOUND
- Source citation: Work cat.: (AE-AdECS)294437: العيسوي، رجائي محمد أحمد مؤلف. 27312, التمكين الإداري /
